000 00477nam a2200193Ia 4500
999 _c47342
_d47342
003 0100
005 20180301143758.0
008 130303s9999 xx 000 0 und d
040 _cARRUPELIB
050 _aDT856.M3 1960
100 _aMason, Philip
_926477
245 _aYear of decision:
_bRhodesia and Nyasaland in 1960 /
260 _aLondon
_bOxford University Press
_c1960
300 _ax
300 _b282p. 21cm.
650 _aRhodesia and Nyasaland
_xPolitics
_913484
650 _aRhodesia and Nyasaland
_xRace problems
_940045
942 _2lcc
_cMONOGRAPH